000 00343nam a2200133Ia 4500
008 240624s9999 xx 000 0 und d
041 _aeng
082 _a158 BAT
100 _aBATLIWALA KHURSHED
245 _aHAPPINESS EXPRESS A JOURNEY TO EVERYDAY
260 _c2018
_aChennai
_bWestland
300 _axii, 331 p.; 23 cm.
365 _cRS
_b35
999 _c31465
_d31465